=LDR 00000nam 2200000 4500 =001 INLIS000000001052294 =005 20240822080123 =035 ##$$a 0010-0824000112 =007 ta =008 240822###########################0###### =020 ##$$a 978-623-8131-34-1 =082 ##$$a 616.047 =084 ##$$a 616.047 AGU m =100 #$$a Agus Setyo Utomo =245 1#$$a Metode cepat penyembuhan nyeri sendi / Agus Setyo Utomo, Nurul Pujiastuti, Eni Rahmawati =250 ##$$a 1 =260 ##$$a Praya :$b Pusat Pengembangan Pendidikan dan Penelitian Indonesia,$c 2023 =300 ##$$a xv, 114 halaman : $b ilus ; $c 23 cm$e Lain-lain =500 ##$$a Biografi : 111-113 =650 #4$$a Nyeri sendi =504 ##$$a Bibliografi : halaman 103-104 =990 ##$$a 16751675 =990 ##$$a 083/53/2024